LIBRARY & INFORMATION CENTRE, KCAET, TAVANUR

ONLINE PUBLIC ACCESS CATALOGUE (OPAC)

Hima manushyan Part-I (Record no. 4330)

MARC details
000 -LEADER
fixed length control field 00380cam a2200169ua 4500
041 ## - LANGUAGE CODE
Language code of text/sound track or separate title mal
082 ## - DEWEY DECIMAL CLASSIFICATION NUMBER
Classification number 894.812308
Item number VIV/HI
100 ## - MAIN ENTRY--AUTHOR NAME
Personal name Vivekanadan, G .
245 ## - TITLE STATEMENT
Title Hima manushyan Part-I
260 ## - PUBLICATION, DISTRIBUTION, ETC. (IMPRINT)
Place of publication Konni :
Name of publisher Venus Press & Book Depot, ,
Year of publication 1961.
300 ## - PHYSICAL DESCRIPTION
Number of Pages 222 ; .
942 ## - ADDED ENTRY ELEMENTS (KOHA)
Koha item type Books
Holdings
Withdrawn status Lost status Damaged status Home library Current library Date acquired Full call number Accession Number Koha item type Public note
Withdrawn     KAUAET KAUAET 07/04/2012 894.812308 5887 Books Deleted
free website counter